名前に「丸」がつく駅 - Statistics

General Stats
  • This quiz has been taken 29 times
  • The average score is 18 of 40
Answer Stats
Hint Answer % Correct
丸森町 丸森
91%
富山市 丸の内
78%
名古屋市 丸の内
78%
伊奈町 丸山
74%
川崎市 新丸子
74%
伊賀市 丸山
74%
神戸市 丸山
74%
丸亀市 丸亀
70%
丸森町 北丸森
65%
坂井市 丸岡
65%
遠軽町 丸瀬布
61%
奥多摩町 白丸
61%
京都市 神宮丸太町
61%
大田区 下丸子
57%
清須市 丸ノ内
57%
玉城町 田丸
57%
飯能市 正丸
48%
京都市 丸太町
48%
中能登町 金丸
43%
京都市 烏丸
43%
京都市 烏丸御池
43%
三木市 三木上の丸
43%
関川村 越後金丸
39%
明石市 人丸前
39%
長門市 人丸
39%
松野町 松丸
39%
宇部市 丸尾
35%
久留米市 田主丸
35%
桐生市 丸山下
26%
射水市 海王丸
26%
稲沢市 丸渕
26%
久留米市 五郎丸
26%
坂井市 太郎丸エンゼルランド
22%
稲沢市 上丸渕
22%
神戸市 旧居留地・大丸前
22%
福岡市 次郎丸
22%
湧水町 鶴丸
22%
八頭町 徳丸
17%
金沢市 乙丸
13%
北九州市 永犬丸
13%
No matching quizzes found
Score Distribution
Percent of People with Each Score
Percentile by Number Answered
Your Score History
You have not taken this quiz